Royal grandchildren and partners middle names - Statistics

General Stats
  • This quiz has been taken 82 times
  • The average score is 9 of 14
Answer Stats
Birth year Name Middle name Surname/Title % Correct
1982 Catherine (Kate) Elizabeth Princess of Wales (née Middleton)
93%
1981 Zara Anne Elizabeth Tindall (née Phillips)
78%
1982 Prince William Arthur Philip Louis Prince of Wales
78%
1981 Rachel Meghan Duchess of Sussex (née Markle)
78%
1988 Princess Beatrice Elizabeth Mary Mapelli Mozzi
74%
1984 Prince Harry Charles Albert David Duke of Sussex
72%
2003 Lady Louise Alice Elizabeth Mary Windsor
70%
2007 James Alexander Philip Theo Earl of Wessex
69%
1990 Princess Eugenie Victoria Helena Brooksbank
61%
1977 Peter Mark Andrew Phillips
56%
1978 Mike James Tindall
54%
1986 Jack Christopher Stamp Brooksbank
33%
1978 Autumn Patricia Phillips (née Kelly)
30%
1983 Edoardo Alessandro Mapelli Mozzi
26%
No matching quizzes found
Score Distribution
Percent of People with Each Score
Percentile by Number Answered
Your Score History
You have not taken this quiz